music trivia: musical "C's" - Statistics

General Stats
  • This quiz has been taken 57 times
  • The average score is 9 of 15
Answer Stats
Hint Answer % Correct
Singer of; The Climb, Party in the U.S.A., We Can't Stop, Wrecking Ball, Malibu, etc. Miley Cyrus
94%
He sang; Folsom Prison Blues, A Boy Named Sue, Get Rhythm, One Piece at a Time, Hey Porter, etc. Johnny Cash
86%
The band responsible for; Rock the Casbah, London Calling, Combat Rock, etc. The Clash
86%
Sang; Fame, Out Here On My Own, Flashdance...What a Feeling, etc. Irene Cara
82%
Carly Rae Jepsen's infectious 2011/2012 hit single Call Me Maybe
80%
The guitarist for "power trio" Cream Eric Clapton
78%
The self-titled multi-platinum debut for this artist contained the songs; Fast Car, Talkin' 'bout a Revolution, and Baby Can I Hold You, etc. Tracy Chapman
72%
Willie Nelson song covered by Patsy Cline in 1961. Crazy
70%
Played guitar in the Wrecking Crew, subbed for Brian Wilson in the Beach Boys, sang Galveston, Gentle on My Mind, Wichita Lineman, etc. Glen Campbell
58%
Freddie Mercury claimed he wrote this rockabilly style song in "5 or 10 minutes". It was Queen's first #1 hit in the US. Crazy Little Thing Called Love
46%
A musical term for the concluding passage of a piece or movement, the word is also the name of Led Zeppelin's ninth and final studio album. Coda
44%
"Mr. Jones" and "Round Here" are singles from the debut album (August and Everything After), by this band. Counting Crows
40%
Big 1995 hit for the band Pulp, later covered by William Shatner on his 2004 album, Has Been Common People
32%
Saxophonist Adderley's nickname Cannonball
20%
Linda Ronstadt's duets with Aaron Neville were among the biggest hits on this 1989 album. Cry Like a Rainstorm, Howl Like the Wind
6%
No matching quizzes found
Score Distribution
Percent of People with Each Score
Percentile by Number Answered
Your Score History
You have not taken this quiz